Cementerio civil

I tiakina i:
Ngā taipitopito rārangi puna kōrero
Kaituhi matua: Diego, Gerardo (Author)
Hōputu: Pukapuka
Reo:Pāniora
I whakaputaina: Barcelona Plaza & Janés 1977
Putanga:2a. ed
Ngā marau:
Ngā Tūtohu: Tāpirihia he Tūtohu
Kāore He Tūtohu, Me noho koe te mea tuatahi ki te tūtohu i tēnei pūkete!

MARC

LEADER 00000nam a2200000 a 4500
001 UCQ6535
003 CL-VaPUC
008 981016e19770000SP |||||||||||||||||spa|d
082 0 4 |a 861  |b DIE  |2 21 
100 0 |a Diego, Gerardo  |e author  |9 419614 
245 1 0 |a Cementerio civil 
250 |a 2a. ed 
300 |a 132 p 
942 |c BK 
945 |d 19981016 00:00:00  |a crobeson 
260 |a Barcelona  |b Plaza & Janés  |c 1977 
650 0 |a Poesías españolas  |9 265100 
650 0 |a Literatura española  |9 306261 
583 |a last modification  |c 19981016 00:00:00  |k Rodrigo Vera 
999 |c 276485  |d 276483 
952 |0 0  |1 0  |4 0  |6 861_000000000000000_DIE_1977  |7 0  |8 A  |9 313743  |a BIBEDU  |b BIBEDU  |d 2019-11-20  |i 1482858  |o 861 DIE 1977  |p 1482858  |r 2019-11-20  |w 2019-11-20  |y BK  |k LIT